00580nam a2200193Ia 4500003000400000005001700004008004100021040000700062041000800069082001500077100002200092245005700114260002000171300000900191650002000200942001300220999001900233952013400252OSt20251113091950.0250729s2003 xx 000 0 und d cAL aeng a420.7 KOHT aKohli A L9224335 aTechniques of teaching english in the new millennium aNew Delhic2003 a378p aEnglish9224336 2ddccBED c236359d236359 00104070aALbALd2025-07-29eSchool Book Companyg105.00l0o420.7 KOHTpBED01678r2025-07-29 16:54:46v105.00w2025-07-29yBK